000 00357nam a2200133Ia 4500
005 20260328104314.0
008 260328s9999||||xx |||||||||||||| ||und||
100 _aPeters, Paulhans
245 0 _aDesign & Planning :
_b centers for Storage and distribution /
_cPaulhans Peters
260 _bD+P
300 _a134 p.
650 _aDISEÑO URBANO
942 _cBK
999 _c11095
_d11095